Toda Gabriela Mistral en Repertorio Americano
Salvato in:
| Autore principale: | |
|---|---|
| Altri autori: | , |
| Natura: | Sconosciuto |
| Lingua: | Spanish |
| Pubblicazione: |
Heredia, Costa Rica
EUNA
2011
|
| Soggetti: | |
| Tags: |
Aggiungi Tag
Nessun Tag, puoi essere il primo ad aggiungerne!!
|
MARC
| LEADER | 000000000a22000000004500 | ||
|---|---|---|---|
| 001 | 002013 | ||
| 003 | CIICLA | ||
| 005 | 20240502133144.0 | ||
| 008 | 240502b |||||||| |||| 00| 0 spa d | ||
| 020 | |a 9789977653570 | ||
| 040 | |c ciicla | ||
| 041 | 0 | |a español | |
| 092 | 0 | |a Ch860.408 G643t | |
| 100 | 1 | |a González Alvarado, Francisco | |
| 245 | 1 | 0 | |a Toda Gabriela Mistral en Repertorio Americano |
| 260 | |a Heredia, Costa Rica |b EUNA |c 2011 | ||
| 300 | |a 2 volumenes | ||
| 500 | |a La Biblioteca contiene el volumen 2 con número de inscripción 14405 y 14404 (volumen 1) | ||
| 600 | 4 | |a MISTRAL, GABRIELA, SEUDONIMO, 1889-1957 | |
| 650 | 4 | |a LITERATURA CHILENA | |
| 650 | 4 | |a ANTOLOGIAS | |
| 700 | 1 | 2 | |a Soto Ramírez, Marybel |
| 700 | 1 | 2 | |a Oliva Molina, Mario |
| 942 | |2 ddc |c BK | ||
| 999 | |c 2893 |d 2893 | ||



